Memoria anual corporativa 2001

Saved in:
Bibliografiske detaljer
Institution som forfatter: ENAP (Author)
Format: Bog
Sprog:spansk
Udgivet: Santiago Enap 2002
Fag:
Tags: Tilføj Tag
Ingen Tags, Vær først til at tagge denne postø!

MARC

LEADER 00000nam a2200000 a 4500
001 UCM7753
003 CL-VaPUC
008 030110e20020000CL |||||||||||||||||spa|d
082 0 4 |a 338.23  |b ENA  |2 21 
110 2 |a ENAP  |e author  |9 473381 
245 1 0 |a Memoria anual corporativa 2001 
246 1 0 |a Corporate annual report 2001 
300 |a 175 p 
942 |c BK 
945 |d 20030110 00:00:00  |a cmena 
260 |a Santiago  |b Enap  |c 2002 
500 |a Incluye Cd-rom 
600 0 7 |a EMPRESA NACIONAL DEL PETROLEO  |2 CL-VaPUC  |9 459916 
650 7 |a PETROLEO  |2 CL-VaPUC  |9 320865 
650 7 |a PRECIO DEL PETROLEO  |2 CL-VaPUC  |9 473382 
650 7 |a COMERCIO INTERNACIONAL  |2 CL-VaPUC  |9 473383 
650 0 |a Proyectos de inversión   |9 261065 
650 0 |a Producción industrial  |9 307907 
650 0 |a Gestión ambiental   |9 338121 
650 0 |a Recursos humanos   |9 228420 
650 0 |a Administración financiera  |9 261146 
651 7 |a CHILE  |2 CL-VaPUC  |9 473384 
583 |a last modification  |c 20030110 00:00:00  |k Rodrigo Vera 
999 |c 302433  |d 302431 
952 |0 0  |1 0  |4 0  |6 338_230000000000000_ENA_2002  |7 0  |8 A  |9 363014  |a BIBGIM  |b BIBGIM  |d 2019-11-21  |i 3859703  |o 338.23 ENA 2002  |p 3859703  |r 2025-01-15  |w 2019-11-21  |y BK  |k GIM